000 00707nam0a22002291 4500
001 rc\4562438
005 20250611195126.0
035 _a(NLR Aleph) 008370471
090 _a9054510
_c9054510
100 _a20130416d1961 |||y0rusy50 ca
101 0 _arus
102 _aRU
105 _ay z |||||
200 1 _aСборник задач по физике для суворовских училищ
210 _aБ. м.
_cБ. и.
_d[1961]
300 _aЕсть в б-ке Суворовского училища
700 1 _aЛысихин
_bС.С.
_gСергей Серафимович
801 0 _aRU
_bNLR
_gpsbo
801 1 _aRU
_bELAR
_2rusmarc
852 _aNLR
_jDesideratum
942 _cBOOK
980 _aNB